Statistics for Countries From Largest To Smallest Starting With S

Click here to take the quiz!

General Stats

  • This quiz has been taken 18 times
  • The average score is 19 of 26

Answer Stats

SizeCountry% Correct
1,886,068 sq. kmSudan
100%
619,745 sq. kmSouth Sudan
100%
2,149,690 sq. kmSaudi Arabia
93%
1,221,037 sq. kmSouth Africa
93%
450,295 sq. kmSweden
86%
261 sq. kmSaint Kitts and Nevis
79%
389 sq. kmSaint Vincent and the Grenadines
79%
452 sq. kmSeychelles
79%
616 sq. kmSaint Lucia
79%
716 sq. kmSingapore
79%
2,842 sq. kmSamoa
79%
61 sq. kmSan Marino
79%
28,896 sq. kmSolomon Islands
71%
185,180 sq. kmSyria
71%
196,722 sq. kmSenegal
71%
505,992 sq. kmSpain
71%
637,657 sq. kmSomalia
71%
88,361 sq. kmSerbia
64%
120,538 sq. kmSouth Korea
64%
964 sq. kmSão Tomé and Príncipe
64%
41,284 sq. kmSwitzerland
57%
71,740 sq. kmSierra Leone
50%
49,037 sq. kmSlovakia
50%
163,820 sq. kmSuriname
50%
65,610 sq. kmSri Lanka
50%
20,273 sq. kmSlovenia
43%

Score Distribution

Percentile by Number Answered

Percent of People with Each Score

Your Score History

You have not taken this quiz